000 00726nam a2200217 u 4500
005 20250704063920.0
008 170331s2007 fr r 000 0 spa d
020 _a9789233040410
035 _aUPN01000217209
049 _aUNE
050 4 _aLB1139.23
_bB3.7
245 0 0 _aBases sólidas :
_batención y educación de la primera infancia /
_cdir. Nicholas Burnett.
260 _aParis :
_bUNESCO,
_c2007.
300 _a415 p. :
_bil., gráfs., cuadros
440 0 _aInforme de seguimiento de la EPT en el mundo 2013 ;
_v7.
_pEducación para todos
650 4 _aEducación de la primera infancia
_96933
650 4 _aCuidado del niño
_96392
700 1 _aBurnett, Nicholas,
_edir.
905 _aLibro
999 _c189309
_d189309